Countries by Chocolate Consumption - Statistics

General Stats
  • This quiz has been taken 55 times
  • The average score is 8 of 10
Answer Stats
# Country % Correct
1 Switzerland
88%
10 Belgium
86%
2 Austria
84%
4 Ireland
84%
5 United Kingdom
84%
9 Poland
80%
6 Sweden
78%
8 Norway
73%
3 Germany
67%
7 Estonia
61%
No matching quizzes found
Score Distribution
Percent of People with Each Score
Percentile by Number Answered
Your Score History
You have not taken this quiz